Alternating Consonants and Vowels Quiz Stats

 Plays Quiz Updated Sep 17, 2014

Challenge
Share
Tweet
Embed
Score 0/20 Timer 07:00
0 Plays Today
Clue Answer % Correct
It flows through the Grand Canyon (13, 2 wds)Colorado River
65.8%
Its capital is Abu Dhabi (full name!) (18, 3 wds)United Arab Emirates
62%
Florida home of the Kennedy Space Center (13, 2 wds)Cape Canaveral
61.6%
48 mile shipping route finished in 1914 (11, 2 wds)Panama Canal
59.8%
Combat-free: the ''DM'' in ''DMZ'' (13)demilitarized
59.3%
The ability to move objects without touching them (11)telekinesis
55%
Barry Manilow song about Lola, Tony, and Rico (10)Copacabana
50.7%
She might patrol in uniform (11)policewoman
45.4%
Cold side dish with elbow pasta (13, 2 wds)macaroni salad
44.6%
Caesar's declaration of conquest (12, 3 wds)veni, vidi, vici
39.2%
Clue Answer % Correct
Not the least bit sorry (12)unapologetic
31.9%
The Western Hemisphere, south of the US (12, 2 wds)Latin America
29%
Investigator of suspicious deaths, like Jack Klugman's Quincy (15, 2 wds)medical examiner
26.2%
Genre for Yanni or Enya (11, 3 wds)New Age music
23.3%
Like base 16 (11)hexadecimal
16.1%
Showing no mental creativity (13)unimaginative
14.5%
In partial ruin through misuse; broken-down (11)dilapidated
14.2%
Famed New Zealand soprano (12, 3 wds)Kiri Te Kanawa
11.1%
The appearance of truth or realism (14)verisimilitude
5.9%
6-term senator from New Mexico (12, 2 wds)Pete Domenici
4.4%

You're not logged in!

Compare scores with friends on all Sporcle quizzes.
OR
Log In

You Might Also Like...

Show Comments

Extras

Top Quizzes Today


Score Distribution

Your Account Isn't Verified!

In order to create a playlist on Sporcle, you need to verify the email address you used during registration. Go to your Sporcle Settings to finish the process.

Report this User

Report this user for behavior that violates our Community Guidelines.

Details: